000
00454nam a2200181Ia 4500
008
100920s9999 xx 000 0 und d
082
_b
58450
_a
--- 0
100
_a
कदम बाबा.
245
_a
घायाळ.
260
_b
---
_c
0
300
_a
332
_b
साधी
365
_b
100
520
_a
कादंबरी.
630
_a
घायाळ.
650
_a
कादंबरी.
730
_a
घायाळ.
942
_c
BOOK
999
_c
702132
_d
702129